Foundations of international marketing / (Record no. 344617)
[ view plain ]
| 000 -LEADER | |
|---|---|
| fixed length control field | 01317 a2200217 4500 |
| 020 ## - INTERNATIONAL STANDARD BOOK NUMBER | |
| International Standard Book Number | 1861521642 |
| 020 ## - INTERNATIONAL STANDARD BOOK NUMBER | |
| International Standard Book Number | 9781861521644 |
| 082 04 - DEWEY DECIMAL CLASSIFICATION NUMBER | |
| Classification number | 380 |
| 090 ## - LOCALLY ASSIGNED LC-TYPE CALL NUMBER (OCLC); LOCAL CALL NUMBER (RLIN) | |
| -- | 2114 |
| -- | 2114 |
| 100 1# - MAIN ENTRY--PERSONAL NAME | |
| Personal name | Johnston, Steve. |
| 245 10 - TITLE STATEMENT | |
| Title | Foundations of international marketing / |
| Statement of responsibility, etc. | Steve Johnston. |
| 250 ## - EDITION STATEMENT | |
| Edition statement | 1st ed. |
| 260 ## - PUBLICATION, DISTRIBUTION, ETC. | |
| Place of publication, distribution, etc. | [S.l.] : |
| Name of publisher, distributor, etc. | Cengage Learning Business Press, |
| Date of publication, distribution, etc. | 1998. |
| 300 ## - PHYSICAL DESCRIPTION | |
| Extent | 320 p. ; |
| Dimensions | 24 cm. |
| 500 ## - GENERAL NOTE | |
| General note | Paperback. |
| 520 ## - SUMMARY, ETC. | |
| Summary, etc. | The book will provide a foundation/introductory text for students studying international marketing, either as part of a marketing degree or as a unit within a general business program. The book presumes no prior knowledge of marketing issues and readers will be given clear chapter objectives and summaries. The text is kept simple, but aims to explain and analyze the theories of international marketing using examples from various firms in different industries. Market research among many students has led to a simplification of lists and avoidance of excessive descriptions with an emphasis on explanation and analysis. |
| 700 1# - ADDED ENTRY--PERSONAL NAME | |
| Personal name | Beaton, Harold. |
| 856 40 - ELECTRONIC LOCATION AND ACCESS | |
| Materials specified | Amazon.com |
| Uniform Resource Identifier | <a href="http://www.amazon.com/exec/obidos/ASIN/1861521642/chopaconline-20">http://www.amazon.com/exec/obidos/ASIN/1861521642/chopaconline-20</a> |
| 856 40 - ELECTRONIC LOCATION AND ACCESS | |
| Materials specified | Amazon customer reviews |
| Uniform Resource Identifier | <a href="http://www.chopac.org/cgi-bin/tools/azrev.pl?q=1861521642">http://www.chopac.org/cgi-bin/tools/azrev.pl?q=1861521642</a> |
| 942 ## - ADDED ENTRY ELEMENTS (KOHA) | |
| Institution code [OBSOLETE] | NBS |
| Koha item type | Book |
| Call number prefix | 658.8 JOH |
| Withdrawn status | Lost status | Damaged status | Not for loan | Permanent Location | Current Location | Date acquired | Total Checkouts | Full call number | Barcode | Date last seen | Price effective from | Koha item type |
|---|---|---|---|---|---|---|---|---|---|---|---|---|
| Central Library (CL) | Central Library (CL) | 08/28/2013 | 658.8 JOH | NBS3116 | 08/28/2013 | 08/28/2013 | Book |
